Statistics for Largest Cities on Each Continent Beginning with 'H'

Click here to take the quiz!

General Stats

  • This quiz has been taken 170 times
  • The average score is 13 of 36

Answer Stats

ContinentPopulationAnswer% Correct
Europe2,875,000Hamburg
91%
North America6,800,000Houston
91%
Asia10,600,000Ho Chi Minh City
74%
Europe1,320,000Helsinki
73%
Asia7,550,000Hong Kong
69%
Europe1,150,000Hanover
67%
Africa129,000Harar
67%
Asia10,400,000Hyderābād
62%
Asia8,600,000Hángzhōu
58%
North America2,225,000Havana
58%
Africa2,075,000Harare
54%
Oceania1,016,508Honolulu
53%
Oceania219,071Hobart
51%
Oceania158,571Honiara
51%
Asia5,150,000Harbin
50%
Oceania178,500Hamilton
45%
North America812,528Hamilton
45%
North America1,340,000Harrisburg
42%
Asia5,100,000Héféi
42%
North America1,690,000Hartford
41%
Africa741,000Hargeisa
20%
North America936,263Hermosillo
16%
Oceania200,629Hilo
11%
Africa595,304Huambo
9%
South America441,400Huancayo
7%
Europe403,500Hagen-Iserlohn
6%
South America237,570Hortolândia
5%
Europe357,510Hrodna
5%
Africa203,704Hurghada
5%
Oceania60,400Hibiscus Coast
3%
Europe507,795Homieĺ
3%
South America165,900Huacho
2%
South America214,800Huánuco
2%
Africa133,800Hosaena
1%
South America84,800Huaral
1%
South America129,100Huaraz
1%

Score Distribution

Percentile by Number Answered

Percent of People with Each Score

Your Score History

You have not taken this quiz